[Event "Tournament of Champions"]
[Site "Winnipeg CAN"]
[Date "2011.11.15"]
[Round "3"]
[White "Moncal, Nilo"]
[Black "Nikouline, Alexandre"]
[Result "0-1"]
[WhiteElo "2107"]
[BlackElo "2053"]
[PlyCount "92"]
[GameId "2160767909821215"]
[EventDate "2011.01.11"]
[EventType "swiss"]
[EventRounds "6"]
[EventCountry "CAN"]

1. e4 e5 2. Nf3 Nc6 3. Bb5 a6 4. Ba4 Nf6 5. O-O Be7 6. Re1 b5 7. Bb3 O-O 8. c3 d5 9. exd5 Nxd5 10. Nxe5 Nxe5 11. Rxe5 c6 12. Bxd5 cxd5 13. d4 Bd6 14. Re1 Qh4 15. g3 Qh3 16. Qf3 Bf5 17. Qg2 Qh5 18. Qxd5 Rad8 19. Qc6 Rde8 20. Rxe8 Qd1+ 21. Kg2 Qxc1 22. Re2 Bd3 23. Qf3 Bxb1 24. a4 Qd1 25. axb5 axb5 26. Ra8 Bd3 27. Rae8 Bxe2 28. Qxe2 Qxe2 29. Rxe2 Rc8 30. Rc2 f5 31. Kf3 Kf7 32. Ke2 Re8+ 33. Kd2 b4 34. c4 b3 35. Rc1 Bb4+ 36. Kd3 Re1 37. Rxe1 Bxe1 38. f3 Ke6 39. g4 f4 40. Ke4 Bc3 41. c5 Bxb2 42. d5+ Kd7 43. Kd3 Be5 44. h4 Bd4 45. c6+ Kd6 46. h5 Be5 0-1

[Event "Tournament of Champions"]
[Site "Winnipeg CAN"]
[Date "2011.11.15"]
[Round "3"]
[White "Mundwiler, Les"]
[Black "De Groot, Steven"]
[Result "1-0"]
[WhiteElo "2061"]
[BlackElo "1821"]
[PlyCount "53"]
[GameId "2160767909821216"]
[EventDate "2011.01.11"]
[EventType "swiss"]
[EventRounds "6"]
[EventCountry "CAN"]

1. e4 c5 2. Nc3 Nc6 3. g3 g6 4. Bg2 Bg7 5. Nge2 Nf6 6. O-O O-O 7. d3 d6 8. h3 Bd7 9. f4 e6 10. g4 h6 11. Ng3 Nd4 12. Kh2 Qc8 13. Be3 Nh7 14. Rb1 Rb8 15. Nce2 f5 16. c3 Nxe2 17. Qxe2 fxg4 18. Qxg4 Qe8 19. Rbe1 Nf6 20. Qd1 Qf7 21. e5 Nd5 22. Bxd5 exd5 23. exd6 Qe6 24. f5 gxf5 25. Bf4 Qg6 26. Nh5 Rf7 27. Rg1 1-0

[Event "Tournament of Champions"]
[Site "Winnipeg CAN"]
[Date "2011.11.15"]
[Round "3"]
[White "Schulz, Waldemar"]
[Black "Klokow, John"]
[Result "1-0"]
[WhiteElo "2045"]
[BlackElo "1847"]
[PlyCount "74"]
[GameId "2160767909821217"]
[EventDate "2011.01.11"]
[EventType "swiss"]
[EventRounds "6"]
[EventCountry "CAN"]

1. Nf3 Nf6 2. g3 g6 3. Bg2 Bg7 4. O-O O-O 5. c4 d5 6. d4 Na6 7. Nc3 dxc4 8. Ne5 c5 9. d5 Nd7 10. Nxc4 Ne5 11. Nxe5 Bxe5 12. Bh6 Bg7 13. Bxg7 Kxg7 14. Rc1 Rb8 15. Qd2 b5 16. Rfd1 Kg8 17. Qf4 Qd6 18. Qg5 f5 19. e4 b4 20. Nb1 fxe4 21. Bxe4 Bf5 22. Nd2 Qf6 23. Qxf6 Rxf6 24. Bxf5 gxf5 25. Nb3 Rc8 26. Nd4 Nb8 27. Ne6 Nd7 28. Rc4 Nb6 29. Rxc5 Rxc5 30. Nxc5 Rd6 31. Kf1 Rxd5 32. Rxd5 Nxd5 33. Ke2 Kf7 34. Kd3 Nb6 35. Na6 e5 36. Nxb4 Ke6 37. Nc6 a5 1-0

[Event "Tournament of Champions"]
[Site "Winnipeg CAN"]
[Date "2011.11.22"]
[Round "4"]
[White "Delos Santos, Christopher"]
[Black "Einarsson, Ken"]
[Result "1-0"]
[WhiteElo "1913"]
[BlackElo "1761"]
[PlyCount "85"]
[GameId "2160767909821218"]
[EventDate "2011.01.11"]
[EventType "swiss"]
[EventRounds "6"]
[EventCountry "CAN"]

1. d4 d5 2. c4 e6 3. Nc3 Nf6 4. Nf3 Be7 5. Bg5 O-O 6. e3 Re8 7. Bd3 h6 8. Bh4 Nbd7 9. cxd5 exd5 10. O-O Nb6 11. Ne5 Nfd7 12. Bxe7 Qxe7 13. Nxd7 Bxd7 14. Qb3 c6 15. a4 Rab8 16. a5 Nc8 17. Na4 Qg5 18. Rfc1 Bh3 19. Bf1 Nd6 20. e4 Be6 21. e5 Ne4 22. Nc5 Nd2 23. Qg3 Qxg3 24. hxg3 Nxf1 25. Kxf1 Bf5 26. Ke1 f6 27. f4 fxe5 28. fxe5 b6 29. axb6 axb6 30. Na6 Rbc8 31. Nb4 c5 32. Nxd5 Rcd8 33. Nxb6 cxd4 34. Rc5 d3 35. Nc4 Rc8 36. Rxc8 Rxc8 37. Rc1 Kf8 38. Kd2 Ke7 39. Nd6 Rxc1 40. Nxf5+ Ke6 41. Nxg7+ Kf7 42. Kxc1 Kxg7 43. Kd2 1-0

[Event "Tournament of Champions"]
[Site "Winnipeg CAN"]
[Date "2011.11.22"]
[Round "4"]
[White "Klokow, John"]
[Black "Moncal, Nilo"]
[Result "0-1"]
[WhiteElo "1847"]
[BlackElo "2107"]
[PlyCount "113"]
[GameId "2160767909821219"]
[EventDate "2011.01.11"]
[EventType "swiss"]
[EventRounds "6"]
[EventCountry "CAN"]

1. e4 e6 2. d4 d5 3. Nc3 Nf6 4. Bg5 Be7 5. e5 Nfd7 6. h4 a6 7. Qg4 f5 8. Bxe7 Qxe7 9. Qg5 c5 10. Qxe7+ Kxe7 11. f4 cxd4 12. Nce2 Nc6 13. O-O-O b5 14. Nf3 Bb7 15. Nexd4 Rhc8 16. Nxc6+ Rxc6 17. Nd4 Rc7 18. Be2 Nc5 19. g4 fxg4 20. Bxg4 Rf8 21. Rhf1 Bc8 22. Rd2 Ne4 23. Rg2 Rc4 24. Ne2 g6 25. b3 Rc7 26. Nd4 Bd7 27. Kb2 b4 28. a4 Rc3 29. Be2 Ng3 30. Rff2 a5 31. Bd3 Nh5 32. Ne2 Rcc8 33. Rg1 Rf7 34. Kc1 Rcf8 35. Rgf1 Rc8 36. Nd4 Rg8 37. Ne2 Kf8 38. Kd2 Kg7 39. Nd4 Rgf8 40. Ne2 Kh6 41. Ke3 Rc8 42. Nd4 Ng7 43. Bb5 Bxb5 44. Nxb5 Nf5+ 45. Kd2 Rc6 46. Rh2 Ng3 47. Rf3 Ne4+ 48. Kd1 Rc8 49. Rg2 Rb8 50. Nd4 Rb6 51. Kc1 Rc7 52. Rh2 Rc3 53. Rxc3 Nxc3 54. Rf2 Ne4 55. Rh2 Ng3 56. Rg2 Ne4 57. Rh2 0-1

[Event "Tournament of Champions"]
[Site "Winnipeg CAN"]
[Date "2011.11.22"]
[Round "4"]
[White "Lipnowski, Samuel"]
[Black "Li, Kevin"]
[Result "0-1"]
[WhiteElo "2272"]
[BlackElo "2205"]
[PlyCount "124"]
[GameId "2160767909821220"]
[EventDate "2011.01.11"]
[EventType "swiss"]
[EventRounds "6"]
[EventCountry "CAN"]

1. e4 c5 2. Nf3 Nc6 3. Nc3 e6 4. Bb5 Qc7 5. O-O Nge7 6. Re1 a6 7. Bf1 b5 8. d3 Ng6 9. Be3 Bb7 10. Qd2 Be7 11. Rad1 O-O 12. a3 Rac8 13. d4 cxd4 14. Nxd4 Nce5 15. h3 Rfd8 16. f4 Nc4 17. Bxc4 Qxc4 18. Qd3 Qxd3 19. cxd3 Bxa3 20. Ncxb5 Bc5 21. Na3 Nxf4 22. Nac2 Ng6 23. Nb3 Be7 24. Ncd4 d5 25. exd5 Bxd5 26. Nd2 Ne5 27. Nf1 Nc6 28. Ne2 Nb4 29. Nc3 Bb3 30. Rd2 Rxd3 31. Ra1 Rcd8 32. Ra3 Bc4 33. Ra4 Kf8 34. Rxd3 Bxd3 35. Nd2 Bb5 36. Nxb5 axb5 37. Ra5 Nd5 38. Nf1 Nxe3 39. Nxe3 Bc5 40. Kf2 Rd3 41. Rxb5 Bd4 42. Rb4 e5 43. Rxd4 exd4 44. Nc4 Rb3 45. Ke2 Ke7 46. Kd2 d3 47. Kc1 Ke6 48. Kb1 Kd5 49. Nd2 Rb8 50. Ka2 Kd4 51. Ka3 Ke3 52. Nc4+ Ke2 53. b4 d2 54. Nxd2 Kxd2 55. Kb3 Kd3 56. g3 h6 57. h4 h5 58. Ka4 Kc4 59. Ka5 Rxb4 60. Ka6 Rb1 61. g4 hxg4 62. h5 Kc5 0-1

[Event "Tournament of Champions"]
[Site "Winnipeg CAN"]
[Date "2011.11.22"]
[Round "4"]
[White "Nikouline, Alexandre"]
[Black "Mundwiler, Les"]
[Result "0-1"]
[WhiteElo "2053"]
[BlackElo "2061"]
[PlyCount "64"]
[GameId "2160767909821221"]
[EventDate "2011.01.11"]
[EventType "swiss"]
[EventRounds "6"]
[EventCountry "CAN"]

1. e4 e5 2. Nf3 Nc6 3. Bb5 Nd4 4. Nxd4 exd4 5. O-O c6 6. Bc4 Nf6 7. e5 d5 8. exf6 dxc4 9. Re1+ Be6 10. d3 Qxf6 11. Nd2 Bb4 12. Ne4 Qg6 13. c3 dxc3 14. bxc3 Be7 15. dxc4 O-O 16. c5 Rad8 17. Qe2 Bd5 18. Ng3 Bxc5 19. c4 Be6 20. Bb2 Bg4 21. Qe5 b6 22. h3 f6 23. Qe4 f5 24. Qe6+ Qxe6 25. Rxe6 f4 26. Re4 fxg3 27. Rxg4 gxf2+ 28. Kf1 Rd7 29. Bc3 Re8 30. Rc1 Re3 31. Bb2 Red3 32. Rf4 Rd1+ 0-1

[Event "Tournament of Champions"]
[Site "Winnipeg CAN"]
[Date "2011.11.22"]
[Round "4"]
[White "Pottinger, Carl"]
[Black "De Groot, Steven"]
[Result "0-1"]
[WhiteElo "1901"]
[BlackElo "1821"]
[PlyCount "122"]
[GameId "2160767909821222"]
[EventDate "2011.01.11"]
[EventType "swiss"]
[EventRounds "6"]
[EventCountry "CAN"]

1. d4 Nf6 2. c4 e6 3. Nc3 d5 4. Bg5 Be7 5. e3 Nbd7 6. Bd3 c5 7. cxd5 Nxd5 8. Bxe7 Nxe7 9. Nf3 O-O 10. Qc2 Ng6 11. h4 cxd4 12. exd4 Nf6 13. g3 Re8 14. O-O-O Bd7 15. Ng5 Nf8 16. Kb1 Bc6 17. Rhg1 Qa5 18. g4 Rac8 19. Qe2 e5 20. dxe5 Rxe5 21. Qd2 h6 22. f4 Rc5 23. Nge4 Nxe4 24. Nxe4 Qxd2 25. Nxd2 Ne6 26. Bf5 Re8 27. Nb3 Rc4 28. Bxe6 Rxe6 29. f5 Re5 30. Rd4 Be4+ 31. Ka1 Rxd4 32. Nxd4 Rd5 33. Ne2 Bf3 34. Nc3 Rd4 35. Nb5 Rxg4 36. Rxg4 Bxg4 37. Nxa7 Bxf5 38. Nb5 Be4 39. Nd6 Bd5 40. a4 g6 41. b4 f5 42. Kb2 Kf8 43. Kc3 Ke7 44. Nb5 Bc6 45. Nd4 Bxa4 46. b5 Kd6 47. Kb4 Ke5 48. Ne2 Bd1 49. Nc3 Bf3 50. Na4 g5 51. hxg5 hxg5 52. Kc3 Kf4 53. Kd2 Kg3 54. Nc5 Kf2 55. Ne6 g4 56. Nf4 Kg3 57. Ke3 Kh2 58. Kf2 Be4 59. Ne2 Bd3 60. Ng3 f4 61. Nh5 g3+ 0-1

[Event "Tournament of Champions"]
[Site "Winnipeg CAN"]
[Date "2011.11.29"]
[Round "5"]
[White "Boron, Anthony"]
[Black "Klokow, John"]
[Result "1-0"]
[WhiteElo "2056"]
[BlackElo "1847"]
[PlyCount "97"]
[GameId "2160767909821223"]
[EventDate "2011.01.11"]
[EventType "swiss"]
[EventRounds "6"]
[EventCountry "CAN"]

1. e4 e5 2. Nf3 Nc6 3. Bc4 Nf6 4. Ng5 d5 5. exd5 b5 6. Bf1 Nd4 7. c3 Nxd5 8. cxd4 Qxg5 9. Bxb5+ Kd8 10. Qf3 Bb7 11. d3 Qg6 12. O-O Rb8 13. Bc4 Ne3 14. d5 Nxf1 15. Kxf1 Bc5 16. Nc3 f5 17. Be3 Bd4 18. Bxd4 exd4 19. Nb5 Qg4 20. Qxg4 fxg4 21. Nxd4 Kd7 22. Re1 a6 23. Ne6 Kd6 24. Nxg7 Rhf8 25. Ne6 Rfe8 26. b3 Re7 27. Ng5 Rxe1+ 28. Kxe1 Re8+ 29. Ne4+ Ke5 30. Kd2 Re7 31. f3 gxf3 32. gxf3 Rg7 33. Ke3 Bxd5 34. f4+ Ke6 35. f5+ Kxf5 36. Bxd5 Rg1 37. Ng3+ Ke5 38. Be4 Re1+ 39. Ne2 h6 40. d4+ Kf6 41. a4 Kg5 42. Kf2 Ra1 43. Bd5 Ra2 44. Bc4 a5 45. Kg3 h5 46. h4+ Kf5 47. Bd3+ Kf6 48. Nf4 Rb2 49. Nxh5+ 1-0

[Event "Tournament of Champions"]
[Site "Winnipeg CAN"]
[Date "2011.11.29"]
[Round "5"]
[White "De Groot, Steven"]
[Black "Moncal, Nilo"]
[Result "0-1"]
[WhiteElo "1821"]
[BlackElo "2107"]
[PlyCount "126"]
[GameId "2160767909821224"]
[EventDate "2011.01.11"]
[EventType "swiss"]
[EventRounds "6"]
[EventCountry "CAN"]

1. c4 Nf6 2. Nc3 d6 3. g3 e5 4. Bg2 Nc6 5. d3 Be6 6. e4 Qd7 7. h3 Be7 8. Nge2 O-O 9. f4 Qd8 10. f5 Bc8 11. Be3 a6 12. Qd2 Rb8 13. a4 Nb4 14. g4 c6 15. a5 d5 16. Bb6 Qd7 17. g5 Nh5 18. c5 dxe4 19. Bxe4 f6 20. h4 Nd5 21. O-O-O Nhf4 22. Nxf4 Nxf4 23. gxf6 Bxf6 24. d4 Qe7 25. Qf2 exd4 26. Qxf4 dxc3 27. Rhe1 cxb2+ 28. Kb1 Be5 29. Bd5+ cxd5 30. Rxe5 Qf7 31. Kxb2 Bxf5 32. Rdxd5 g6 33. Qg5 Qg7 34. Qe7 Qf7 35. Qxf7+ Kxf7 36. Bc7 Rbc8 37. Bd6 Rfe8 38. Rxe8 Rxe8 39. Re5 Be6 40. Kc3 h6 41. Kd4 Kf6 42. Re3 Kf5 43. Re5+ Kg4 44. Re4+ Kh5 45. Bg3 Rd8+ 46. Ke3 Bf5 47. Rd4 Re8+ 48. Kf2 Be4 49. Rb4 Bc6 50. Rd4 Re6 51. Bd6 Be4 52. Bg3 Kg4 53. Rd6 Re8 54. Rf6 Bd3 55. Rf4+ Kh3 56. h5 Re2+ 57. Kf3 g5 58. Rd4 Bb5 59. Rd1 g4+ 60. Kf4 Bc6 61. Rd6 Re4+ 62. Kf5 Kxg3 63. Rxc6 Rf4+ 0-1

[Event "Tournament of Champions"]
[Site "Winnipeg CAN"]
[Date "2011.11.29"]
[Round "5"]
[White "Li, Kevin"]
[Black "Mundwiler, Les"]
[Result "1-0"]
[WhiteElo "2205"]
[BlackElo "2061"]
[PlyCount "43"]
[GameId "2160767909821225"]
[EventDate "2011.01.11"]
[EventType "swiss"]
[EventRounds "6"]
[EventCountry "CAN"]

1. e4 e5 2. Nf3 Nc6 3. Bb5 Nd4 4. Nxd4 exd4 5. O-O c6 6. Bc4 Nf6 7. Re1 d5 8. exd5+ Be7 9. dxc6 O-O 10. h3 Bd6 11. d3 Qc7 12. Bg5 Qa5 13. Bxf6 gxf6 14. Nd2 Kh8 15. Qf3 f5 16. cxb7 Bxb7 17. Qxb7 Qxd2 18. Qd5 Qf4 19. g3 Rg8 20. Qxa8 Qh6 21. Qg2 Rg5 22. Bxf7 1-0

[Event "Tournament of Champions"]
[Site "Winnipeg CAN"]
[Date "2011.11.29"]
[Round "5"]
[White "Schulz, Waldemar"]
[Black "Nikouline, Alexandre"]
[Result "0-1"]
[WhiteElo "2045"]
[BlackElo "2053"]
[PlyCount "61"]
[GameId "2160767909821226"]
[EventDate "2011.01.11"]
[EventType "swiss"]
[EventRounds "6"]
[EventCountry "CAN"]

1. Nf3 Nf6 2. c4 e6 3. g3 c6 4. Bg2 d5 5. d4 Be7 6. O-O O-O 7. Nc3 Nbd7 8. a4 Ne4 9. Nxe4 dxe4 10. Ne5 f5 11. Nxd7 Bxd7 12. Qb3 Qb6 13. Qxb6 axb6 14. Bf4 c5 15. Be5 Rxa4 16. Rxa4 Bxa4 17. f3 Bb3 18. Rc1 cxd4 19. Bxd4 Bc5 20. Bxc5 bxc5 21. fxe4 b6 22. Rc3 Ba2 23. exf5 Rxf5 24. Be4 Rf7 25. Bd3 Ra7 26. Kf2 Ra4 27. Ke3 Rb4 28. Rc2 Kf7 29. Kf3 Kf6 30. g4 Ke5 31. Bxh7 0-1

[Event "Tournament of Champions"]
[Site "Winnipeg CAN"]
[Date "2011.12.06"]
[Round "6"]
[White "Kaptsan, Aron"]
[Black "De Groot, Steven"]
[Result "1/2-1/2"]
[WhiteElo "1990"]
[BlackElo "1821"]
[PlyCount "106"]
[GameId "2160767909821227"]
[EventDate "2011.01.11"]
[EventType "swiss"]
[EventRounds "6"]
[EventCountry "CAN"]

1. d4 Nf6 2. c4 g6 3. Nc3 d5 4. Bd2 Bg7 5. Rc1 e6 6. Nf3 O-O 7. Qc2 Nbd7 8. e4 dxe4 9. Nxe4 Nxe4 10. Qxe4 Nf6 11. Qc2 c6 12. Bd3 e5 13. dxe5 Ng4 14. O-O Nxe5 15. Nxe5 Bxe5 16. Bc3 Re8 17. Rcd1 Qc7 18. h3 Be6 19. Bxe5 Qxe5 20. Rfe1 Qc5 21. Qc3 a5 22. Re5 Qb4 23. Qc1 f6 24. Re3 Bf7 25. Rde1 Rxe3 26. Rxe3 Re8 27. Rxe8+ Bxe8 28. b3 Qe7 29. Qc3 Qe5 30. Qxe5 fxe5 31. Kf1 Kf7 32. c5 Bd7 33. Ke2 Be6 34. Ke3 Kf6 35. h4 a4 36. bxa4 Bxa2 37. a5 Ke6 38. Be4 Bc4 39. g4 Bd5 40. g5 Bc4 41. f4 Bd5 42. Bd3 exf4+ 43. Kxf4 Bg2 44. Bc4+ Bd5 45. Bf1 Bh1 46. Bh3+ Kd5 47. Bc8 Kxc5 48. Bxb7 Kb5 49. a6 Kb6 50. Ke5 Bf3 51. Kf6 Be2 52. Kg7 c5 53. Kxh7 Bd3 1/2-1/2

[Event "Tournament of Champions"]
[Site "Winnipeg CAN"]
[Date "2011.12.06"]
[Round "6"]
[White "Klokow, John"]
[Black "Delos Santos, Christopher"]
[Result "0-1"]
[WhiteElo "1847"]
[BlackElo "1913"]
[PlyCount "82"]
[GameId "2160767909821228"]
[EventDate "2011.01.11"]
[EventType "swiss"]
[EventRounds "6"]
[EventCountry "CAN"]

1. e4 c6 2. d4 d5 3. e5 c5 4. dxc5 Nc6 5. f4 e6 6. Nf3 Bxc5 7. Nbd2 a5 8. Nb3 Ba7 9. Bb5 Nge7 10. Qe2 Bd7 11. c3 Bb6 12. Be3 Bxe3 13. Qxe3 b6 14. O-O O-O 15. Rad1 Nxe5 16. Nxe5 Bxb5 17. Rf2 Nf5 18. Qf3 Nd6 19. Rfd2 Ne4 20. Rd4 Nf6 21. g4 Qc8 22. g5 Ne8 23. f5 exf5 24. Rxd5 Nc7 25. Rd6 Rb8 26. Nd4 Ne8 27. Ndc6 Bxc6 28. Nxc6 Rb7 29. Rd8 Qc7 30. Re1 g6 31. Rexe8 Rxe8 32. Rxe8+ Kg7 33. Qd5 Qf4 34. Qd4+ Qxd4+ 35. cxd4 Rc7 36. d5 Rd7 37. Rd8 Rxd8 38. Nxd8 Kf8 39. Kf2 Ke7 40. Nb7 Kd7 41. Ke3 Kc7 0-1

[Event "Tournament of Champions"]
[Site "Winnipeg CAN"]
[Date "2011.12.06"]
[Round "6"]
[White "Moncal, Nilo"]
[Black "Zaczek, Jonathon"]
[Result "1/2-1/2"]
[WhiteElo "2107"]
[BlackElo "2277"]
[PlyCount "144"]
[GameId "2160767909821229"]
[EventDate "2011.01.11"]
[EventType "swiss"]
[EventRounds "6"]
[EventCountry "CAN"]

1. e4 c5 2. Nf3 d6 3. d4 cxd4 4. Nxd4 Nf6 5. Nc3 a6 6. Be3 e6 7. f3 b5 8. Qd2 Nbd7 9. Be2 Bb7 10. O-O-O b4 11. Nb1 d5 12. exd5 Nxd5 13. Bc4 N7b6 14. Bxd5 Nxd5 15. Nb3 Qc7 16. Bf2 Bd6 17. Bg3 Bxg3 18. hxg3 Qxg3 19. Na5 O-O-O 20. Nxb7 Kxb7 21. Qe2 Qf4+ 22. Nd2 Rc8 23. Rhe1 Rc6 24. Kb1 Rhc8 25. Rc1 Qd4 26. Nb3 Qb6 27. Qe5 f6 28. Qd4 Rd6 29. Qe4 h6 30. Ka1 Kb8 31. Red1 Rcd8 32. Re1 e5 33. g3 a5 34. Rb1 Nc7 35. c3 Ka7 36. cxb4 Qxb4 37. Qe3+ Kb8 38. Nc5 Rd4 39. Rec1 R8d5 40. Ne4 Rd3 41. Qe2 Qb7 42. Nc5 Rd2 43. Qxd2 Rxd2 44. Nxb7 Kxb7 45. Rc5 Rf2 46. Rbc1 Ne6 47. Rc6 Nd4 48. Rc7+ Kb6 49. Rxg7 Rxf3 50. Rh1 e4 51. Rd7 Nf5 52. a4 Nxg3 53. Rxh6 Kc5 54. Ka2 e3 55. Re7 e2 56. Rh3 Ne4 57. Rxe4 Rxh3 58. Rxe2 Kd4 59. Re6 f5 60. Ra6 f4 61. Rxa5 Ke4 62. Ra8 Rh5 63. Rg8 f3 64. Rg1 Ke3 65. Rc1 Kd2 66. Rb1 f2 67. Ka3 Rh3+ 68. b3 Rf3 69. Rf1 Kc2 70. Ka2 Kc3 71. Ka3 Kc2 72. Ka2 Kc3 1/2-1/2

[Event "Tournament of Champions"]
[Site "Winnipeg CAN"]
[Date "2011.12.06"]
[Round "6"]
[White "Mundwiler, Les"]
[Black "Boron, Anthony"]
[Result "1/2-1/2"]
[WhiteElo "2061"]
[BlackElo "2056"]
[PlyCount "85"]
[GameId "2160767909821230"]
[EventDate "2011.01.11"]
[EventType "swiss"]
[EventRounds "6"]
[EventCountry "CAN"]

1. e4 e6 2. Nc3 c5 3. g3 d5 4. Bg2 d4 5. Nb1 Nf6 6. d3 Nc6 7. Nd2 e5 8. a4 Be6 9. Ne2 h5 10. h3 h4 11. f4 hxg3 12. f5 Bd7 13. Nxg3 Be7 14. Nc4 Qc7 15. Qf3 Nb4 16. Qe2 b5 17. axb5 Bxb5 18. b3 Bxc4 19. bxc4 a5 20. h4 a4 21. h5 Qa5 22. Kf2 Qb6 23. Bf3 Kd7 24. Ba3 Rh6 25. Qd2 Nh7 26. f6 Rxf6 27. Nf5 Rb8 28. Rab1 Qd8 29. Nxg7 Ng5 30. Nf5 Nxf3 31. Kxf3 Bf8 32. Ke2 Rxf5 33. exf5 Qf6 34. h6 Qxf5 35. Rbf1 Qg4+ 36. Ke1 Qg3+ 37. Kd1 Na2 38. Rxf7+ Ke6 39. Qf2 Nc3+ 40. Kd2 Qe3+ 41. Qxe3 dxe3+ 42. Kxc3 Kxf7 43. h7 1/2-1/2

[Event "Tournament of Champions"]
[Site "Winnipeg CAN"]
[Date "2011.12.06"]
[Round "6"]
[White "Nikouline, Alexandre"]
[Black "Li, Kevin"]
[Result "0-1"]
[WhiteElo "2053"]
[BlackElo "2205"]
[PlyCount "70"]
[GameId "2160767909821231"]
[EventDate "2011.01.11"]
[EventType "swiss"]
[EventRounds "6"]
[EventCountry "CAN"]

1. e4 c5 2. Nf3 Nc6 3. d4 cxd4 4. Nxd4 Nf6 5. Nc3 e5 6. Ndb5 d6 7. Bg5 a6 8. Na3 b5 9. Nd5 Be7 10. Bxf6 Bxf6 11. c3 Bg5 12. Nc2 O-O 13. a4 bxa4 14. Rxa4 a5 15. Bc4 Rb8 16. b3 g6 17. Nce3 Be6 18. O-O Bh6 19. Ng4 Bg7 20. f4 exf4 21. Rxf4 Qg5 22. h4 Bxg4 23. Rxg4 Qd8 24. h5 Ne5 25. hxg6 hxg6 26. Rg3 Qh4 27. Rh3 Qg5 28. Rxa5 Nxc4 29. bxc4 Rb2 30. Qf1 Rfb8 31. Rd3 Rxg2+ 32. Kh1 Rgb2 33. Ra1 Qh4+ 34. Qh3 Rb1+ 35. Rxb1 Rxb1+ 0-1

[Event "Transcontinental 5 A"]
[Site "Montreal CAN"]
[Date "2011.11.25"]
[Round "1"]
[White "Lopez Linares, Lizandro"]
[Black "MacIsaac, Alexandre"]
[Result "1-0"]
[WhiteElo "2086"]
[BlackElo "1651"]
[PlyCount "65"]
[GameId "2160767909573455"]
[EventDate "2011.11.25"]
[EventType "tourn"]
[EventRounds "5"]
[EventCountry "CAN"]
[SourceTitle "EXT 2022"]
[Source "ChessBase"]
[SourceDate "2021.10.06"]
[SourceVersion "1"]
[SourceVersionDate "2021.10.06"]
[SourceQuality "1"]

1. d4 Nf6 2. c4 e6 3. Nf3 Nc6 4. a3 b6 5. d5 Na5 6. e3 Ba6 7. Qa4 Qc8 8. b4 Nxc4 9. b5 Na5 10. bxa6 exd5 11. Be2 Ne4 12. Nfd2 Nc5 13. Qc2 c6 14. O-O Bd6 15. Bb2 Qc7 16. h3 O-O-O 17. Bc3 Be5 18. Bd4 Ne6 19. Nf3 Nxd4 20. exd4 Bf6 21. Nc3 g5 22. Rfc1 Rde8 23. Nxd5 Qd6 24. Nxf6 Qxf6 25. Ne5 Re7 26. Bf3 Rhe8 27. Rab1 Qd6 28. Nc4 Nxc4 29. Qxc4 b5 30. Qc3 Kb8 31. a4 Qc7 32. axb5 d6 33. bxc6+ 1-0

[Event "Transcontinental 5 A"]
[Site "Montreal CAN"]
[Date "2011.11.25"]
[Round "1"]
[White "Morin, Louis"]
[Black "Lalumiere, Claude"]
[Result "1/2-1/2"]
[WhiteElo "1846"]
[BlackElo "1870"]
[PlyCount "92"]
[GameId "2160767909573456"]
[EventDate "2011.11.25"]
[EventType "tourn"]
[EventRounds "5"]
[EventCountry "CAN"]
[SourceTitle "EXT 2022"]
[Source "ChessBase"]
[SourceDate "2021.10.06"]
[SourceVersion "1"]
[SourceVersionDate "2021.10.06"]
[SourceQuality "1"]

1. e4 c5 2. d4 cxd4 3. c3 d3 4. Qxd3 Nc6 5. f4 d6 6. g3 Nf6 7. Bg2 g6 8. Ne2 Bg7 9. O-O h5 10. h3 Bd7 11. Be3 Qa5 12. Na3 Rc8 13. Rad1 Be6 14. Qb5 Qxb5 15. Nxb5 Bc4 16. Nbd4 Nxd4 17. Nxd4 Bxf1 18. Kxf1 Nd7 19. e5 dxe5 20. Nb5 e4 21. Bxe4 Nc5 22. Nxa7 Rc7 23. Nb5 Rd7 24. Rxd7 Nxd7 25. Bxb7 O-O 26. a4 Rb8 27. Bc6 Nb6 28. a5 Nc4 29. a6 Nxe3+ 30. Ke2 Nc4 31. a7 Rd8 32. a8=Q Rxa8 33. Bxa8 Nxb2 34. Bd5 Na4 35. Kd3 e6 36. Bb3 Nc5+ 37. Kc2 Ne4 38. g4 hxg4 39. hxg4 Nf2 40. f5 gxf5 41. gxf5 exf5 42. Nd6 Ne4 43. Nxf5 Nxc3 44. Nxg7 Kxg7 45. Bxf7 Ne4 46. Bg6 Kxg6 1/2-1/2

[Event "Transcontinental 5 A"]
[Site "Montreal CAN"]
[Date "2011.11.26"]
[Round "2"]
[White "Lopez Linares, Lizandro"]
[Black "Cardin, Guillaume"]
[Result "1-0"]
[WhiteElo "2086"]
[BlackElo "2007"]
[PlyCount "89"]
[GameId "2160767909573458"]
[EventDate "2011.11.25"]
[EventType "tourn"]
[EventRounds "5"]
[EventCountry "CAN"]
[SourceTitle "EXT 2022"]
[Source "ChessBase"]
[SourceDate "2021.10.06"]
[SourceVersion "1"]
[SourceVersionDate "2021.10.06"]
[SourceQuality "1"]

1. d4 f5 2. g3 Nf6 3. Bg2 e6 4. Nf3 d5 5. O-O c6 6. c4 Bd6 7. Nc3 Nbd7 8. b3 O-O 9. Bb2 Ne4 10. e3 Ndf6 11. c5 Bc7 12. b4 Nxc3 13. Bxc3 Ne4 14. Bb2 Bd7 15. Ne1 Qe7 16. Nd3 Be8 17. Qc2 g5 18. f3 Nf6 19. Ne5 Nd7 20. f4 Bxe5 21. dxe5 h5 22. Bd4 h4 23. a4 hxg3 24. hxg3 gxf4 25. exf4 Bh5 26. Kf2 Kg7 27. Rh1 Rh8 28. b5 Bg4 29. bxc6 bxc6 30. Rab1 Rxh1 31. Bxh1 Qd8 32. Rb7 Qc8 33. Qb3 Rb8 34. Rxb8 Qxb8 35. Qxb8 Nxb8 36. Ke1 Kf7 37. Kd2 Na6 38. Bg2 Nc7 39. Bf1 Kg6 40. Bc3 Kh5 41. Ba5 Ne8 42. Bb6 Bf3 43. Bxa7 Kg4 44. Bb6 Kxg3 45. a5 1-0

[Event "Transcontinental 5 A"]
[Site "Montreal CAN"]
[Date "2011.11.26"]
[Round "2"]
[White "MacIsaac, Alexandre"]
[Black "Lalumiere, Claude"]
[Result "0-1"]
[WhiteElo "1651"]
[BlackElo "1870"]
[PlyCount "132"]
[GameId "2160767909573459"]
[EventDate "2011.11.25"]
[EventType "tourn"]
[EventRounds "5"]
[EventCountry "CAN"]
[SourceTitle "EXT 2022"]
[Source "ChessBase"]
[SourceDate "2021.10.06"]
[SourceVersion "1"]
[SourceVersionDate "2021.10.06"]
[SourceQuality "1"]

1. e4 c5 2. Nf3 Nc6 3. d4 cxd4 4. Nxd4 g6 5. Nc3 Bg7 6. Be3 Nf6 7. f3 O-O 8. Qd2 Qa5 9. Nb3 Qc7 10. Bh6 a6 11. Bxg7 Kxg7 12. a3 b5 13. Nd5 Nxd5 14. Qxd5 d6 15. h4 Be6 16. Qd3 Ne5 17. Qc3 Qxc3+ 18. bxc3 Rfc8 19. Kd2 Bc4 20. Na5 Bxf1 21. Rhxf1 Nc4+ 22. Nxc4 Rxc4 23. Rfb1 Rac8 24. Rb3 R8c5 25. Re1 e6 26. Re3 d5 27. g3 a5 28. exd5 Rxd5+ 29. Rd3 Re5 30. Rd4 Rc7 31. f4 Rec5 32. Rd3 Kf6 33. Re3 h6 34. Re5 Rd7+ 35. Ke2 Rdd5 36. Rxd5 Rxd5 37. Rb1 Rc5 38. Kd3 Kf5 39. c4 bxc4+ 40. Kd4 Rd5+ 41. Kxc4 Kg4 42. Rb3 Rd2 43. Kb5 Rxc2 44. Kxa5 g5 45. fxg5 hxg5 46. hxg5 e5 47. Re3 Kf5 48. a4 e4 49. Kb6 Ke5 50. a5 Rb2+ 51. Ka7 Kd4 52. Re1 e3 53. a6 Kd3 54. Rd1+ Rd2 55. Re1 e2 56. Kb7 Rb2+ 57. Kc7 Ra2 58. Kb7 Kd2 59. Rxe2+ Kxe2 60. a7 Kf3 61. a8=Q Rxa8 62. Kxa8 Kxg3 63. Kb7 Kg4 64. g6 fxg6 65. Kc6 Kf4 66. Kd5 g5 0-1

[Event "Transcontinental 5 A"]
[Site "Montreal CAN"]
[Date "2011.11.26"]
[Round "3"]
[White "Cardin, Guillaume"]
[Black "MacIsaac, Alexandre"]
[Result "1-0"]
[WhiteElo "2007"]
[BlackElo "1651"]
[PlyCount "33"]
[GameId "2160767909573460"]
[EventDate "2011.11.25"]
[EventType "tourn"]
[EventRounds "5"]
[EventCountry "CAN"]
[SourceTitle "EXT 2022"]
[Source "ChessBase"]
[SourceDate "2021.10.06"]
[SourceVersion "1"]
[SourceVersionDate "2021.10.06"]
[SourceQuality "1"]

1. d4 d6 2. e4 b6 3. Nf3 Bb7 4. Nc3 Nf6 5. Bd3 Nbd7 6. O-O e5 7. Qe2 exd4 8. Nxd4 Nc5 9. Bb5+ Nfd7 10. e5 Ne6 11. exd6 Bxd6 12. Nxe6 fxe6 13. Qxe6+ Kf8 14. Qxd7 Qh4 15. Qf5+ Ke7 16. Re1+ Kd8 17. Qd7# 1-0